Presidentes de los Estados Unidos de América - Estadísticas

Estadísticas generales
  • Esta prueba ha sido intentada 93 veces
  • La puntuación promedio es 24 de 45
Estadísticas de respuestas
Imagen Respuesta % Correcto
Barack Obama
98%
Donald J. Trump
98%
John F. Kennedy
98%
Joseph R. Biden
96%
George Washington
92%
Abraham Lincoln
90%
William J. Clinton
87%
George W. Bush
83%
George H. W. Bush
81%
Ronald W. Reagan
71%
James E. Carter
67%
Richard M. Nixon
67%
Dwight D. Eisenhower
62%
Theodore Roosevelt
60%
Franklin D. Roosevelt
58%
Lyndon B. Johnson
58%
Gerald R. Ford
56%
Thomas Jefferson
56%
Harry S. Truman
52%
Herbert C. Hoover
46%
Woodrow Wilson
46%
James Madison
44%
Calvin Coolidge
42%
John Adams
42%
Ulysses S. Grant
42%
James Buchanan
40%
James Monroe
40%
Martin Van Buren
38%
William H. Taft
37%
William McKinley
37%
Benjamin Harrison
35%
Chester A. Arthur
35%
Franklin Pierce
35%
James A. Garfield
35%
John Tyler
35%
William Henry Harrison
35%
Zachary Taylor
35%
Rutherford B. Hayes
33%
Andrew Johnson
31%
James K. Polk
31%
John Quincy Adams
31%
Millard Fillmore
31%
Warren G. Harding
31%
Grover Cleveland
27%
Andrew Jackson
25%
No se encontraron pruebas coincidentes
Distribución de puntuación
Porcentaje de gente con cada puntuación
Porcentaje por número respondido
Historial de tus puntuaciones
No has intentado esta prueba.